000
00365nam a2200133Ia 4500
008
230411s9999 xx 000 0 und d
041
_a
eng
082
_a
OG/610.7367/JAC/B08462
100
_a
Jacob Annamma
245
_a
Manual of Midwifery and Gynaecological Nursing
260
_b
Jaypee Brothers
_a
New Delhi
_c
2012
300
_a
539p
999
_c
158175
_d
158175